LIBRARY & INFORMATION CENTRE, KCAET, TAVANUR

ONLINE PUBLIC ACCESS CATALOGUE (OPAC)

Statistical Methods and Concepts (Record no. 19425)

MARC details
000 -LEADER
fixed length control field 00414nam a22001697a 4500
003 - CONTROL NUMBER IDENTIFIER
control field OSt
008 - FIXED-LENGTH DATA ELEMENTS--GENERAL INFORMATION
fixed length control field 250221b |||||||| |||| 00| 0 eng d
020 ## - INTERNATIONAL STANDARD BOOK NUMBER
ISBN 81-224-0119-8
041 ## - LANGUAGE CODE
Language code of text/sound track or separate title eng
082 ## - DEWEY DECIMAL CLASSIFICATION NUMBER
Classification number 519.5
Item number DAS/ST
100 ## - MAIN ENTRY--AUTHOR NAME
Personal name Das, MN
245 ## - TITLE STATEMENT
Title Statistical Methods and Concepts
250 ## - EDITION STATEMENT
Edition statement 2nd Reprint
260 ## - PUBLICATION, DISTRIBUTION, ETC. (IMPRINT)
Place of publication New Delhi:
Name of publisher New Age International Ltd,
Year of publication 1996.
300 ## - PHYSICAL DESCRIPTION
Number of Pages 256p.
942 ## - ADDED ENTRY ELEMENTS (KOHA)
Koha item type Books
Holdings
Withdrawn status Lost status Damaged status Home library Current library Date acquired Source of acquisition Cost, normal purchase price Full call number Accession Number Koha item type
      KAUAET KAUAET 21/02/2025 Higgin BothGrees, Ernakulam 90.00 519.5 DAS/ST 20395 Books
free website counter